00390nam a22001217a 450000500170000000800410001704100120005810000120007024500430008226000860012530000320021165000250024320240821074213.0240821b |||||||| |||| 00| 0 eng d aEnglish lEnglish aThe Law Reports: Common Pleas Division aLondon: bThe Incorporated Council of Law Reporting for England and Wales, c1880 bxxiii, 571 pages; c25 cm.  aLegal practice bLaw